000 01094nam a22002415i 4500
001 154887
003 ES-MaACL
005 20240126182845.0
008 981028s1837 fr |||| | ita d
040 _aAS
_bspa
_cAS
100 1 _aGuicciardini, Francesco (
_d1483-1540)
_9147512
245 1 0 _aStoria d'Italia /
_cdi Francesco Guicciardini ; alla miglior lezione ridotta dal professor Giovanni Rosini ; con una prefazione di Carlo Botta.
260 _aParigi :
_bBaudry,
_c1837 (
_fStamperia di Crapelet)
300 _a6 v. ;
_c23 cm.
490 1 _aCollezione de' miglori autori italiani antichi e moderni ;
_v15; 16; 17; 18; 19; 20
597 _aT. I: XXIV, 506 p., 1 h. de grab. - T. II: 499 p. - T. III: 452 p. - T. IV: 463 p. - T. V: 459 p. - T. VI: 452 p.
651 4 _aItalia-
_xHistoria-
_y1492-1559.
_9153909
700 1 _aRosini, Giovanni.
_9132068
700 0 _aBotta, Carlo.
_930793
830 0 _aCollezione de' miglori autori italiani antichi e moderni
_v15; 16; 17; 18; 19; 20
_9221518
852 _aES-MaACL
_jC-142-47
_z-- Enc. hol.
999 _c154887
_d154887